| 000 | 00794nam a2200181 a 4500 | ||
|---|---|---|---|
| 008 | 170111s2014 ||||||||||||||||| || u | ||
| 020 | _a9781446269978 | ||
| 050 | _aH 62 Kum | ||
| 100 | _aKumar, Ranjit | ||
| 245 | 1 | 0 |
_aResearch methodology: a step-by-step guide for beginners (4th. edition) _cby Ranjit Kumar |
| 250 | _a4th ed. | ||
| 260 |
_aLondon _bSAGE Publications Ltd _c2014 |
||
| 300 | _axxvii, 399p.: ill. | ||
| 650 | 0 | _aSOCIAL SCIENCES--RESEARCH--METHODOLOGY | |
| 650 | 0 | _aSOCIOLOGY | |
| 995 |
_aMAIN LIBRARY OPEN ACCESS _e747565 _FCBU-MAIN LIBRARY (Kitwe) _jH 62 Kum _M2 _UOUT _WJan 24, 2017 _y747565 _ZMain Library Open Access Collection |
||
| 995 |
_aMAIN LIBRARY OPEN ACCESS _e747564 _FCBU-MAIN LIBRARY (Kitwe) _jH 62 Kum _M1 _UOUT _WJan 24, 2017 _y747564 _ZMain Library Open Access Collection |
||
| 999 |
_c80154 _d80154 |
||